[Event "Welper 2- Haltern"]
[Site "?"]
[Date "2024.01.28"]
[Round "5.6"]
[White "Leimkuehler, Dirk"]
[Black "Eusgeld, Michael"]
[Result "1-0"]
[WhiteElo "1804"]
[BlackElo "1737"]
[PlyCount "177"]
[SourceDate "2024.01.23"]

1. f4 d5 2. Nf3 Nf6 3. g3 e6 4. Bg2 Bc5 5. d4 Bb6 6. c3 c5 7. e3 cxd4 8. exd4
Nc6 9. Nbd2 Bd7 10. Ne5 O-O 11. Ndf3 Bc8 12. Be3 Ne4 13. Qc2 f6 14. Nxc6 bxc6
15. O-O Ba6 16. Rfe1 Qd7 17. a4 Nd6 18. Bh3 Rfe8 19. Bf2 Ne4 20. Be3 Rab8 21.
b3 Qc7 22. b4 Qf7 23. Rab1 Bc7 24. g4 h5 25. g5 fxg5 26. Nxg5 Nxg5 27. fxg5 Qf3
28. Bg2 Qg4 29. Kh1 Qh4 30. Bf1 Bxf1 31. Rxf1 Rf8 32. Qg2 Rf5 33. Rxf5 exf5 34.
Bf2 Qe4 35. Re1 Qxg2+ 36. Kxg2 a5 37. Re7 Bd8 38. Re6 axb4 39. cxb4 Bxg5 40.
Be1 Rc8 41. a5 Bf4 42. Bg3 Bxg3 43. hxg3 Kf7 44. Re3 Kf6 45. Rc3 Ke7 46. b5 Ra8
47. bxc6 Kd8 48. Rc5 Kc7 49. Kf3 Ra6 50. Kf4 g6 51. Ke5 Rxc6 52. Rxd5 Ra6 53.
Rc5+ Kd7 54. d5 Ra8 55. Rc6 Rxa5 56. Rxg6 Ra4 57. Rg7+ Kd8 58. Kxf5 h4 59. g4
h3 60. Rh7 Rd4 61. Rxh3 Rxd5+ 62. Kf6 Rd6+ 63. Ke5 Rd1 64. Kf6 Rd6+ 65. Ke5 Rd1
66. Rf3 Re1+ 67. Kf6 Ke8 68. Kg6 Re6+ 69. Rf6 Re1 70. g5 Rg1 71. Rf5 Rg2 72.
Kh7 Rh2+ 73. Kg7 Rg2 74. Re5+ Kd7 75. g6 Kd6 76. Re3 Kd7 77. Kf7 Rf2+ 78. Kg8
Rg2 79. g7 Rg1 80. Re5 Kd6 81. Rh5 Ke7 82. Kh8 Kf7 83. Rf5+ Ke6 84. Rf8 Rh1+
85. Kg8 Ra1 86. Rf4 Ke7 87. Rh4 Rg1 88. Kh7 Kf7 89. Rf4+ 1-0

[Event "Welper 2- Haltern"]
[Site "?"]
[Date "2024.01.28"]
[Round "5.7"]
[White "Truszkowski, Hans"]
[Black "Heidt, Viktor"]
[Result "1/2-1/2"]
[WhiteElo "1689"]
[BlackElo "1826"]
[PlyCount "46"]
[SourceDate "2024.01.23"]

1. d4 Nf6 2. c4 e6 3. Nf3 Bb4+ 4. Bd2 a5 5. a3 Bxd2+ 6. Qxd2 O-O 7. Nc3 d6 8.
e4 Nc6 9. Be2 e5 10. d5 Ne7 11. O-O Bg4 12. Ne1 Bxe2 13. Qxe2 Ng6 14. g3 Nd7
15. Qg4 Nc5 16. Rd1 f5 17. exf5 Qd7 18. Nd3 Nxd3 19. Rxd3 Qxf5 20. Qxf5 Rxf5
21. Kg2 Rf7 22. Rf3 b6 23. Rxf7 Kxf7 1/2-1/2

[Event "Welper 2- Haltern"]
[Site "?"]
[Date "2024.01.28"]
[Round "5.8"]
[White "Sharma, Rakesh"]
[Black "Czarnik, Stanislaw"]
[Result "1-0"]
[WhiteElo "1795"]
[BlackElo "1449"]
[PlyCount "37"]
[SourceDate "2024.01.23"]

1. d4 Nf6 2. Bg5 e6 3. e4 Be7 4. e5 Nd5 5. Bxe7 Qxe7 6. c4 Nb6 7. Bd3 d6 8. Qg4
O-O 9. Nf3 dxe5 10. dxe5 Qb4+ 11. Nbd2 g6 12. O-O Nc6 13. Ne4 Nd7 14. Nf6+ Nxf6
15. exf6 Qxb2 16. Qh4 h5 17. Qg5 Kh7 18. Qxh5+ Kg8 19. Bxg6 1-0

[Event "Unna- Altenessen"]
[Site "?"]
[Date "2024.01.28"]
[Round "5.1"]
[White "Prass, Marian"]
[Black "Barskij, Aleksandr"]
[Result "1-0"]
[WhiteElo "2000"]
[BlackElo "1844"]
[Annotator "daniel"]
[PlyCount "219"]
[SourceDate "2024.01.23"]

1. Nf3 Nf6 2. e3 g6 3. b3 Bg7 4. Bb2 O-O 5. c4 c6 6. Be2 d5 7. O-O Bg4 8. h3
Bxf3 9. Bxf3 e6 10. d4 Ne4 11. Bxe4 dxe4 12. Nc3 f5 13. f3 Qg5 14. Qe2 exf3 15.
Qxf3 Nd7 16. Rad1 e5 17. Ne2 Rad8 18. Bc1 Qe7 19. Rfe1 Nf6 20. Nc3 e4 21. Qf2
Nh5 22. Ne2 Bf6 23. g3 Bg5 24. Qg2 Qe6 25. Nf4 Nxf4 26. gxf4 Bh4 27. Re2 Rd7
28. Kh1 Kf7 29. Red2 Rfd8 30. Ba3 Qf6 31. Bb2 Qe6 32. Rf1 Rg8 33. Qe2 Rgd8 34.
Rg1 Rg8 35. Qd1 Rgd8 36. Bc3 Qf6 $11 37. Bb2 Qe6 38. Rgg2 Kf8 39. Bc3 Kf7 40.
Qc1 Qe7 41. Rg1 Qf8 42. Bb2 Qe7 43. Rdg2 Qe6 44. Qf1 Ke8 45. Bc3 Rf7 46. Be1
Qf6 47. Rc2 Rfd7 48. Bf2 Rg7 49. Qe1 Bxf2 50. Qxf2 Kf7 51. Qg3 Kg8 52. Kh2 Rdd7
53. Qe1 Qd8 54. Rcg2 Kh8 55. h4 Qf6 56. Kh3 Kg8 57. Qa5 a6 58. Rd2 Qd6 59. b4
Qc7 60. Qa3 h6 61. Rdg2 Kh7 62. Qb3 Qd6 63. a4 Qe6 64. Qc2 Rg8 65. Qe2 Rdg7 66.
a5 Qf6 67. Rb1 g5 68. hxg5 hxg5 69. Qh5+ Qh6 70. Qxh6+ Kxh6 71. fxg5+ Rxg5 72.
Rxg5 Rxg5 73. Kh2 Rh5+ 74. Kg2 Kg5 75. Kg3 Kf6 76. Rd1 Rh7 77. d5 Rg7+ 78. Kf2
cxd5 79. Rxd5 Ke6 80. Rd1 Ke5 81. Rd8 Rc7 82. Re8+ Kf6 83. c5 Rd7 84. Ke2 Rc7
85. Rd8 Kg5 86. Kd2 Kg4 87. Rf8 Rd7+ 88. Ke2 Rg7 89. Kf2 Kg5 90. Kg3 Rh7 91.
Rc8 f4+ 92. exf4+ Kf5 93. Rf8+ Ke6 94. f5+ Ke5 95. f6 Kd4 96. Kf4 Kc4 97. Kxe4
Rh1 98. Rc8 Rf1 99. Ke5 Re1+ 100. Kd6 Rf1 101. Ke7 Re1+ 102. Kf8 Kxb4 103. Rc7
Kb5 104. Rxb7+ Kxc5 105. Re7 Rf1 106. f7 Kd6 107. Ra7 Kc5 108. Rxa6 Kb5 109.
Re6 Kxa5 110. Ke7 1-0

[Event "Unna- Altenessen"]
[Site "?"]
[Date "2024.01.28"]
[Round "5.2"]
[White "Solberg- Morgner, Kirsten"]
[Black "Rohloff, Markus"]
[Result "0-1"]
[WhiteElo "1823"]
[BlackElo "1896"]
[PlyCount "76"]
[SourceDate "2024.01.23"]

1. e4 e6 2. d4 d5 3. exd5 exd5 4. Nf3 Bd6 5. Be3 Ne7 6. Be2 O-O 7. Nc3 c6 8.
Qd2 Bf5 9. O-O-O b5 10. Bf4 a5 11. Bxd6 Qxd6 12. Bd3 Nd7 13. Rde1 Bg6 14. h4 a4
15. Ng5 h6 16. Bxg6 Nxg6 17. Nf3 Nb6 18. Ne5 b4 19. Nd1 Nc4 20. Nxc4 dxc4 21.
Rh3 Nf4 22. Rg3 Nd5 23. Qe2 Qf4+ 24. Ne3 a3 25. Rg4 axb2+ 26. Kxb2 c3+ 27. Kb1
Qf6 28. Nxd5 cxd5 29. Qe5 Ra6 30. Qxd5 Rfa8 31. Rge4 Qxf2 32. Re8+ Rxe8 33.
Rxe8+ Kh7 34. Qe4+ g6 35. Qe1 Qxd4 36. h5 Qd5 37. hxg6+ Rxg6 38. Re4 Ra6 0-1

[Event "Unna- Altenessen"]
[Site "?"]
[Date "2024.01.28"]
[Round "5.3"]
[White "Kordonowski, Frank"]
[Black "Eichhorn, Robin"]
[Result "1-0"]
[WhiteElo "1911"]
[BlackElo "1785"]
[PlyCount "97"]
[SourceDate "2024.01.23"]

1. Nf3 Nf6 2. c4 g6 3. b3 Bg7 4. Bb2 d6 5. Na3 c6 6. Nc2 d5 7. cxd5 cxd5 8. e3
Nc6 9. h3 O-O 10. Be2 Re8 11. d4 Bf5 12. O-O Rc8 13. Nce1 Ne4 14. Nd3 Qd6 15.
a3 f6 16. b4 a6 17. Qb3 e5 18. Rfd1 exd4 19. Nxd4 Nxd4 20. Bxd4 g5 21. Bf3 b6
22. Rac1 Kh8 23. Qa4 b5 24. Qb3 Rxc1 25. Nxc1 Rc8 26. Bb2 Rd8 27. Ne2 Bg6 28.
Nc3 Nxc3 29. Qxc3 Qe6 30. Rc1 h5 31. Qc7 Rd6 32. Bd4 Kh7 33. Bc5 Rc6 34. Qd8
Bf7 35. Rd1 Rc8 36. Qxd5 Qxd5 37. Bxd5 Bxd5 38. Rxd5 Rc6 39. g4 hxg4 40. hxg4
Kg6 41. e4 Re6 42. f3 Re5 43. Rd7 Re6 44. Kf2 Rc6 45. Ke3 a5 46. Rb7 axb4 47.
axb4 Ra6 48. Rxb5 Ra3+ 49. Kf2 1-0

[Event "Unna- Altenessen"]
[Site "?"]
[Date "2024.01.28"]
[Round "5"]
[White "Franck, Axel"]
[Black "Cavasin, Joerg"]
[Result "1/2-1/2"]
[WhiteElo "1714"]
[BlackElo "1870"]
[PlyCount "43"]
[SourceDate "2024.01.23"]

1. b4 Nf6 2. Bb2 c6 3. c4 d5 4. e3 Bf5 5. Nf3 e6 6. a3 Nbd7 7. d3 a5 8. c5 b6
9. cxb6 axb4 10. b7 Rb8 11. Qa4 Rxb7 12. Qxc6 Rc7 13. Qa4 bxa3 14. Nxa3 Be7 15.
Be2 O-O 16. O-O Nc5 17. Qd1 Rb7 18. Bc3 Nb3 19. Rb1 Bxa3 20. Rxb3 Rxb3 21. Qxb3
Bd6 22. Be5 1/2-1/2

[Event "Unna- Altenessen"]
[Site "?"]
[Date "2024.01.28"]
[Round "5.5"]
[White "Avgustin, Thomas"]
[Black "Irlaender, Walter"]
[Result "1/2-1/2"]
[WhiteElo "1718"]
[BlackElo "1809"]
[PlyCount "89"]
[SourceDate "2024.01.23"]

1. e4 e5 2. Nf3 Nc6 3. Bb5 Nf6 4. d3 d6 5. O-O Be7 6. h3 O-O 7. c3 Bd7 8. Nbd2
h6 9. Re1 Re8 10. Nf1 Nh7 11. d4 exd4 12. cxd4 Ng5 13. Nxg5 Bxg5 14. f4 Bh4 15.
Bxc6 Bxc6 16. g3 Bf6 17. e5 dxe5 18. dxe5 Qxd1 19. Rxd1 Be7 20. Be3 Red8 21.
Kf2 a6 22. Rd4 Rxd4 23. Bxd4 Rd8 24. Ke3 Bg2 25. h4 c5 26. Bc3 b5 27. b3 Bh3
28. Nd2 Bf5 29. Ne4 b4 30. Be1 Rd4 31. Nf2 g5 32. hxg5 hxg5 33. Rc1 a5 34. Rd1
Rxd1 35. Nxd1 Bb1 36. Kd2 Bxa2 37. Kc2 c4 38. bxc4 Bxc4 39. Ne3 Bb5 40. Nd5 Kf8
41. Nxe7 Kxe7 42. Kb3 gxf4 43. gxf4 Ke6 44. Bf2 Kf5 45. Bb6 1/2-1/2

[Event "Unna- Altenessen"]
[Site "?"]
[Date "2024.01.28"]
[Round "5.6"]
[White "Bertschik, Jonas"]
[Black "Drawe, Thomas"]
[Result "1/2-1/2"]
[WhiteElo "1653"]
[BlackElo "1793"]
[PlyCount "46"]
[SourceDate "2024.01.23"]

1. d4 d5 2. Bf4 Nf6 3. e3 e6 4. Nf3 Bd6 5. Bg3 O-O 6. Bd3 Nc6 7. c3 a6 8. Nbd2
Ne7 9. O-O Bxg3 10. hxg3 b6 11. Ne5 Bb7 12. Qc2 g6 13. f4 Nf5 14. Kf2 Nh5 15.
Bxf5 exf5 16. Rh1 Nf6 17. Qd1 Qe7 18. g4 fxg4 19. Nxg4 Nxg4+ 20. Qxg4 Rfe8 21.
Qh3 f6 22. Rae1 Bc8 23. Qh6 Qg7 1/2-1/2

[Event "Unna- Altenessen"]
[Site "?"]
[Date "2024.01.28"]
[Round "5.7"]
[White "Praßer, Peter"]
[Black "Volkermann, Thomas"]
[Result "0-1"]
[WhiteElo "1693"]
[BlackElo "1647"]
[PlyCount "64"]
[SourceDate "2024.01.23"]

1. d4 Nf6 2. Nf3 d5 3. e3 Bg4 4. Bd3 e6 5. O-O Nbd7 6. Nbd2 c5 7. c3 Bd6 8. h3
Bh5 9. dxc5 Nxc5 10. Bb5+ Ncd7 11. Be2 Qe7 12. Nd4 Bxe2 13. Qxe2 O-O 14. a4 a6
15. b3 Rfc8 16. Bb2 Ne5 17. f4 Nc6 18. c4 Bc5 19. Nc2 Rd8 20. Nf3 dxc4 21. Qxc4
Nd5 22. Nfd4 Nxe3 23. Nxe3 Bxd4 24. Bxd4 Rxd4 25. Qe2 Rad8 26. Nc4 Qb4 27. Rab1
b5 28. axb5 axb5 29. Ne5 Nxe5 30. Qxe5 R4d5 31. Qe2 Rd2 32. Qf3 R2d3 0-1

[Event "Unna- Altenessen"]
[Site "?"]
[Date "2024.01.28"]
[Round "5.8"]
[White "Seibert, Joachim"]
[Black "Kuhn, Manfred"]
[Result "0-1"]
[WhiteElo "1618"]
[BlackElo "2026"]
[PlyCount "72"]
[SourceDate "2024.01.23"]

1. e4 e6 2. Nf3 d5 3. exd5 exd5 4. d4 Bd6 5. Bd3 Bg4 6. O-O Ne7 7. Bg5 h6 8.
Be3 Nd7 9. Nbd2 c6 10. Re1 O-O 11. Be2 f5 12. Nf1 f4 13. Bd2 Qb6 14. Bc3 Nf6
15. N3d2 Bf5 16. h3 c5 17. Nb3 c4 18. Nbd2 Qc7 19. Bf3 b5 20. a3 a5 21. Nb1 b4
22. axb4 axb4 23. Rxa8 Rxa8 24. Bd2 Ra2 25. Bc1 c3 26. Qe2 Nc6 27. Bxf4 Bxf4
28. g4 Be4 29. Bxe4 Nxe4 30. f3 Nxd4 31. Qd3 Qc6 32. Kg2 Rxb2 33. fxe4 Rxc2+
34. Kh1 Qc4 35. Qd1 Ra2 36. e5 c2 0-1

[Event "Horst Emscher 2- Rüttenscheid"]
[Site "?"]
[Date "2024.01.28"]
[Round "5.1"]
[White "Michalek, Christoph"]
[Black "Arndt, Olaf"]
[Result "1-0"]
[WhiteElo "2144"]
[BlackElo "1851"]
[PlyCount "89"]
[SourceDate "2024.01.23"]

1. d4 e6 2. Nf3 f5 3. g3 d5 4. Bg2 Nf6 5. O-O Bd6 6. c4 c6 7. Bf4 O-O 8. Nbd2
Ne4 9. Qc2 b6 10. Rab1 Qe7 11. a3 Bd7 12. b4 Be8 13. Bxd6 Qxd6 14. c5 Qe7 15.
Ne5 b5 16. a4 a6 17. Ra1 Qb7 18. Nb3 Ra7 19. Ra3 bxa4 20. Rxa4 Qe7 21. f3 Nf6
22. Nc1 Nfd7 23. Ncd3 Nxe5 24. dxe5 h5 25. h4 g5 26. e3 gxh4 27. gxh4 Kh8 28.
Qf2 Rg8 29. Kh2 Qg7 30. Rg1 Rb7 31. Raa1 Qh6 32. f4 Qf8 33. Bf3 Rbg7 34. Rg5
Rxg5 35. hxg5 Bg6 36. Ne1 Kg7 37. Nc2 Qc8 38. Nd4 Kf7 39. Qa2 Ke7 40. Be2 Qb7
41. Qa5 Rc8 42. Ra4 Qc7 43. Bxa6 Nxa6 44. Qxa6 Be8 45. b5 1-0

[Event "Horst Emscher 2- Rüttenscheid"]
[Site "?"]
[Date "2024.01.28"]
[Round "5.2"]
[White "Konietzka, Bernd"]
[Black "Dorgarten, Armin"]
[Result "1-0"]
[WhiteElo "1892"]
[BlackElo "1912"]
[PlyCount "87"]
[SourceDate "2024.01.23"]

1. e4 c6 2. d4 d5 3. Nc3 dxe4 4. Nxe4 Nf6 5. Nxf6+ exf6 6. Nf3 Bd6 7. Bd3 O-O
8. O-O Bg4 9. Be2 Re8 10. Qd3 Nd7 11. Be3 Nf8 12. Rfe1 Bc7 13. Nh4 Qd6 14. g3
Bxe2 15. Rxe2 Qd7 16. Qf5 Rad8 17. Qxd7 Rxd7 18. Rae1 g6 19. c3 Ne6 20. f4 f5
21. Nf3 Rde7 22. Kf1 f6 23. c4 a6 24. d5 Nd8 25. Bc5 Rxe2 26. Rxe2 Rxe2 27.
Kxe2 cxd5 28. cxd5 Nf7 29. Be7 Bd8 30. Bxd8 Nxd8 31. Kd3 Kf7 32. Kc4 Ke7 33. a4
b6 34. b4 Nb7 35. Kd4 a5 36. bxa5 Nxa5 37. Nd2 Kd7 38. Nc4 Nb3+ 39. Kc3 Nc5 40.
Nxb6+ Kc7 41. a5 Ne4+ 42. Kd4 h5 43. Nc4 g5 44. d6+ 1-0

[Event "Horst Emscher 2- Rüttenscheid"]
[Site "?"]
[Date "2024.01.28"]
[Round "5.3"]
[White "Kreitling, Oliver"]
[Black "Raabe, Stefan"]
[Result "1/2-1/2"]
[WhiteElo "1900"]
[BlackElo "1894"]
[PlyCount "66"]
[SourceDate "2024.01.23"]

1. d4 d5 2. c4 c6 3. Nf3 Bf5 4. Qb3 Qb6 5. Qxb6 axb6 6. cxd5 Bxb1 7. Rxb1 Rxa2
8. dxc6 bxc6 9. e3 e6 10. Bc4 Bb4+ 11. Bd2 Bxd2+ 12. Kxd2 Ra7 13. Ra1 Rxa1 14.
Rxa1 Nf6 15. Bd3 O-O 16. Ne5 Nfd7 17. f4 Nxe5 18. fxe5 Rd8 19. Be4 Nd7 20. Kc3
c5 21. Ra8 Rxa8 22. Bxa8 Kf8 23. Kc4 Ke7 24. Bc6 cxd4 25. exd4 f6 26. exf6+
gxf6 27. g4 h6 28. h4 Nb8 29. Kb5 Kd6 30. Be8 Ke7 31. Bc6 Kd6 32. Be8 Ke7 33.
Bc6 Kd6 1/2-1/2

[Event "Horst Emscher 2- Rüttenscheid"]
[Site "?"]
[Date "2024.01.28"]
[Round "5.4"]
[White "Schorra, Helmut"]
[Black "Storp, Thomas"]
[Result "1-0"]
[WhiteElo "1996"]
[BlackElo "1892"]
[PlyCount "89"]
[SourceDate "2024.01.23"]

1. d4 Nf6 2. c4 e6 3. Nc3 d5 4. cxd5 exd5 5. Bg5 Be7 6. Qc2 c6 7. e3 Nbd7 8.
Bd3 h6 9. Bh4 Nf8 10. Nf3 Ne6 11. O-O O-O 12. Bxf6 Bxf6 13. b4 Bd7 14. a4 a6
15. b5 axb5 16. axb5 Qc7 17. Qb3 Rxa1 18. Rxa1 Rb8 19. Qa3 Be8 20. Qa7 Qd8 21.
h3 Qc8 22. Ne5 Bxe5 23. dxe5 Nc7 24. Bf5 Qd8 25. Rd1 g6 26. Bg4 h5 27. Be2 Qc8
28. e4 Ra8 29. Qe3 d4 30. Qxd4 Ne6 31. Qe3 Ra3 32. Rd3 Kg7 33. Qf3 Kh6 34. Qf6
Ng7 35. Rd8 Qe6 36. Qxe6 fxe6 37. bxc6 Bxc6 38. Nb5 Ra1+ 39. Kh2 Bxb5 40. Bxb5
Ra5 41. Bd3 Ra3 42. Rh8+ Kg5 43. g3 Ra2 44. Kg1 Ra1+ 45. Bf1 1-0

[Event "Horst Emscher 2- Rüttenscheid"]
[Site "?"]
[Date "2024.01.28"]
[Round "5.5"]
[White "Furchtbar, Uwe"]
[Black "Verfuerth, Christian"]
[Result "1/2-1/2"]
[WhiteElo "1888"]
[BlackElo "1851"]
[PlyCount "85"]
[SourceDate "2024.01.23"]

1. e4 e6 2. d4 d5 3. Nc3 Bb4 4. exd5 exd5 5. Bd3 Nc6 6. a3 Bxc3+ 7. bxc3 Nge7
8. Qh5 Ng6 9. Ne2 Qd6 10. O-O Bd7 11. Be3 O-O-O 12. c4 Nce7 13. c5 Qe6 14. Ng3
Qg4 15. Qxg4 Bxg4 16. h3 Bd7 17. Rfe1 h5 18. Bg5 Rde8 19. Bxe7 Nxe7 20. h4 g6
21. Rab1 Nc6 22. c3 Rxe1+ 23. Rxe1 Re8 24. Rxe8+ Bxe8 25. Bb5 Bd7 26. Bxc6 Bxc6
27. Ne2 Bd7 28. Nf4 c6 29. g3 Kc7 30. Nd3 f6 31. f3 b6 32. Nf4 Be8 33. Kf2 Kd7
34. g4 Bf7 35. Nd3 Be6 36. Kg3 Ke7 37. gxh5 gxh5 38. Kf4 Kf7 39. Nb4 Bd7 40.
Na6 Bc8 41. Nb4 Bd7 42. Na6 Bc8 43. Nb4 1/2-1/2

[Event "Horst Emscher 2- Rüttenscheid"]
[Site "?"]
[Date "2024.01.28"]
[Round "5.6"]
[White "Renn, Thorsten"]
[Black "Koprek, Juergen"]
[Result "1-0"]
[WhiteElo "1877"]
[BlackElo "1874"]
[PlyCount "97"]
[SourceDate "2024.01.23"]

1. e4 e6 2. d4 d5 3. Nc3 Nf6 4. Bg5 Be7 5. e5 Nfd7 6. Bxe7 Qxe7 7. Qh5 a6 8.
O-O-O b5 9. f4 g6 10. Qg4 Nb6 11. Nf3 Nc6 12. Qg5 Bb7 13. g4 O-O-O 14. Qxe7
Nxe7 15. Be2 h6 16. b4 Nc4 17. Nb1 Nb6 18. Nfd2 Nc6 19. c3 Nb8 20. Nb3 N8d7 21.
f5 Nc4 22. fxe6 fxe6 23. Rdf1 Rdf8 24. Rxf8+ Rxf8 25. Rf1 Rxf1+ 26. Bxf1 Kd8
27. N1d2 Ke7 28. Bg2 Ncb6 29. Nf3 Kf7 30. g5 h5 31. Ne1 Nc8 32. Na5 Ba8 33. Nd3
Ne7 34. Nf4 Nf5 35. Bh3 Ng7 36. Kb2 Nb6 37. Nd3 Nd7 38. Nc5 Nxc5 39. bxc5 h4
40. a4 Nf5 41. axb5 axb5 42. Kc2 Ne3+ 43. Kd2 Nc4+ 44. Nxc4 dxc4 45. Ke3 Bd5
46. Bf1 Ke7 47. Be2 Bg2 48. Bd1 Kd7 49. Bc2 1-0

[Event "Horst Emscher 2- Rüttenscheid"]
[Site "?"]
[Date "2024.01.28"]
[Round "5.7"]
[White "Berger, Nils"]
[Black "Wilbert, Siegfried"]
[Result "1-0"]
[WhiteElo "1837"]
[BlackElo "1858"]
[PlyCount "83"]
[SourceDate "2024.01.23"]

1. e4 c5 2. Nc3 Nc6 3. f4 e6 4. Nf3 d5 5. Bb5 dxe4 6. Bxc6+ bxc6 7. Nxe4 Nf6 8.
Nf2 Ba6 9. b3 Bd6 10. g3 c4 11. Qe2 Qa5 12. bxc4 O-O 13. O-O Rab8 14. d3 Rfe8
15. Bd2 Qa3 16. Rfb1 c5 17. Rb3 Rxb3 18. cxb3 Qb2 19. Qe1 Bb7 20. Bc3 Qa3 21.
Ne5 Qa6 22. Qe2 Ba8 23. Ne4 Be7 24. Re1 Qb7 25. Ng4 Nd7 26. Nh6+ Kf8 27. Qh5 g6
28. Qh3 f5 29. Nxf5 h5 30. Ng7 Bf6 31. Bxf6 Nxf6 32. Nxe6+ Kg8 33. Nxf6+ Kf7
34. Nd5 Kg8 35. Qg2 Qf7 36. Qe4 Bc6 37. Qe5 Bxd5 38. cxd5 c4 39. bxc4 a5 40.
Rb1 Qa7+ 41. Kg2 Qf7 42. Rb8 1-0

[Event "Horst Emscher 2- Rüttenscheid"]
[Site "?"]
[Date "2024.01.28"]
[Round "5.8"]
[White "Shelukie, Magd"]
[Black "Bruckmann, Jochen"]
[Result "1/2-1/2"]
[WhiteElo "1702"]
[BlackElo "1777"]
[PlyCount "72"]
[SourceDate "2024.01.23"]

1. e4 c5 2. Nf3 Nc6 3. Bb5 d6 4. d4 cxd4 5. Nxd4 Bd7 6. Nc3 g6 7. Be3 Bg7 8. h4
Nf6 9. Qd2 Ng4 10. h5 Nxe3 11. fxe3 Ne5 12. hxg6 fxg6 13. O-O-O O-O 14. Bxd7
Qxd7 15. Nd5 Rac8 16. Nf4 Qa4 17. Nb3 Qxe4 18. Qd5+ Qxd5 19. Nxd5 Rf7 20. Nd4
Nc6 21. Ne6 Rf2 22. b4 Bf6 23. g4 Nd8 24. Nec7 Nf7 25. Rdf1 Rxf1+ 26. Rxf1 Kh8
27. Nxf6 exf6 28. Nd5 Ne5 29. Rxf6 Rd8 30. g5 Kg7 31. Nf4 Kg8 32. Ne6 Re8 33.
Nc7 Re7 34. Nb5 Nf7 35. Nxa7 Rxe3 36. Kb2 Re5 1/2-1/2

[Event "Mülheim Nord 4- Dortmund 2"]
[Site "?"]
[Date "2024.01.21"]
[Round "5.1"]
[White "Koehler, Eckart"]
[Black "Beckmann, Klaus"]
[Result "1/2-1/2"]
[WhiteElo "1886"]
[BlackElo "1861"]
[Annotator "daniel"]
[PlyCount "63"]
[SourceDate "2024.01.23"]

1. c4 e5 2. Nc3 Nf6 3. g3 c6 4. Nf3 d6 5. Bg2 Be6 6. b3 h6 7. O-O Be7 8. e4 O-O
9. d4 exd4 10. Nxd4 Bg4 11. f3 Bh5 12. Nf5 Bg6 13. Nxe7+ Qxe7 14. Ba3 Rd8 15.
Re1 Qc7 16. Ne2 d5 17. cxd5 cxd5 18. e5 Qxe5 19. Nf4 Qc7 20. Be7 Rd7 21. Bxf6
gxf6 22. Qd4 Qd8 23. Bh3 Nc6 24. Qd2 Rd6 25. Nxg6 fxg6 26. Qxh6 Ne5 $11 27. f4
Nf3+ 28. Kf2 Nxe1 29. Qxg6+ Kh8 30. Qh6+ Kg8 31. Qg6+ Kh8 32. Qh6+ 1/2-1/2

[Event "Mülheim Nord 4- Dortmund 2"]
[Site "?"]
[Date "2024.01.21"]
[Round "5.2"]
[White "Fleischer, Michael"]
[Black "Haneberg, Alexander"]
[Result "1/2-1/2"]
[WhiteElo "1878"]
[BlackElo "1803"]
[Annotator "daniel"]
[PlyCount "57"]
[SourceDate "2024.01.23"]

1. e4 c6 2. d4 d5 3. Nc3 dxe4 4. Nxe4 Bf5 5. Ng3 Bg6 6. Nf3 Nd7 7. h4 h6 8. h5
Bh7 9. Bd3 Bxd3 10. Qxd3 Ngf6 11. Bf4 Nd5 12. Bd2 e6 13. O-O-O Be7 14. Ne4 Qc7
15. g4 O-O-O 16. Kb1 c5 17. c3 c4 18. Qc2 N7f6 19. Ne5 Bd6 20. Nxd6+ Rxd6 21.
f4 Ra6 22. Rde1 Qa5 $11 23. a3 Qb5 24. Nxf7 Rf8 25. Ne5 Rxa3 26. Nxc4 Ra6 27.
Ne5 Qa5 28. Kc1 Qb6 29. Kb1 1/2-1/2

[Event "Mülheim Nord 4- Dortmund 2"]
[Site "?"]
[Date "2024.01.21"]
[Round "5.3"]
[White "Lamers, Ludwig"]
[Black "Schlenter, Ruediger"]
[Result "1-0"]
[WhiteElo "1825"]
[BlackElo "1792"]
[PlyCount "73"]
[SourceDate "2024.01.23"]

1. d4 c5 2. d5 Nf6 3. c4 e6 4. Nc3 exd5 5. cxd5 d6 6. Nf3 g6 7. g3 Bg7 8. Bg2
O-O 9. O-O Re8 10. Re1 a6 11. a4 Nbd7 12. Bf4 Qb6 13. Qc2 Nh5 14. Nd2 Nxf4 15.
gxf4 Nf6 16. Nc4 Qd8 17. a5 Bh6 18. Qd2 Nh5 19. e3 Bf5 20. Ne2 Be4 21. f3 Bf5
22. Ng3 Ng7 23. Rad1 Qf6 24. Qc3 Qxc3 25. bxc3 Rad8 26. Ne4 Bxe4 27. fxe4 f6
28. Rb1 Re7 29. Rb6 Ne8 30. Reb1 Rdd7 31. Bh3 Rc7 32. Be6+ Kg7 33. Nxd6 Nxd6
34. Rxd6 c4 35. Rd8 f5 36. Rg8+ Kf6 37. e5# 1-0

[Event "Mülheim Nord 4- Dortmund 2"]
[Site "?"]
[Date "2024.01.21"]
[Round "5.4"]
[White "Schlefers, Florian"]
[Black "Dohmann, Dorothea"]
[Result "0-1"]
[WhiteElo "1702"]
[BlackElo "1785"]
[PlyCount "56"]
[SourceDate "2024.01.23"]

1. e4 g6 2. d4 d6 3. Nc3 Bg7 4. Nf3 Nf6 5. Be2 O-O 6. h3 c5 7. dxc5 dxc5 8. Be3
Qa5 9. O-O Nc6 10. Bd2 Qc7 11. Be3 Rd8 12. Qc1 Nd4 13. Rd1 Nxe2+ 14. Nxe2 Rxd1+
15. Qxd1 Nxe4 16. Qd5 Bf5 17. Rd1 Rc8 18. g4 Nf6 19. Qc4 Be6 20. Qa4 a6 21. c4
h5 22. g5 Nd7 23. h4 Bg4 24. Kg2 Bxb2 25. Qc2 Bg7 26. Nf4 Qc6 27. Nd5 Bxf3+ 28.
Kxf3 e6 0-1

[Event "Mülheim Nord 4- Dortmund 2"]
[Site "?"]
[Date "2024.01.21"]
[Round "5.5"]
[White "Lanwehr, Klaus"]
[Black "Cordes, Malte"]
[Result "1/2-1/2"]
[WhiteElo "1778"]
[BlackElo "1811"]
[PlyCount "79"]
[SourceDate "2024.01.23"]

1. d4 e6 2. c4 f5 3. Nf3 Nf6 4. Nc3 Bb4 5. Qc2 b6 6. g3 Bb7 7. Bg2 O-O 8. O-O
Bxc3 9. Qxc3 d6 10. Rd1 Qe7 11. b4 a5 12. b5 Nbd7 13. Ba3 Ne4 14. Qe3 Rfd8 15.
Rac1 Ndf6 16. h3 Qe8 17. Qb3 a4 18. Qc2 c6 19. bxc6 Qxc6 20. Ne1 Qe8 21. Qb2
Nd7 22. Nd3 Rac8 23. Nf4 g5 24. Nd3 Qh5 25. Ne1 f4 26. g4 Qh4 27. Nd3 h5 28.
Rf1 hxg4 29. hxg4 Ndf6 30. f3 Ng3 31. Rf2 Rd7 32. Nxf4 gxf4 33. Qc2 Rh7 34.
Qg6+ Kh8 35. Bh3 Qxh3 36. Qxf6+ Kg8 37. Qg6+ Kh8 38. Qf6+ Kg8 39. Qg6+ Kh8 40.
Qf6+ 1/2-1/2

[Event "Mülheim Nord 4- Dortmund 2"]
[Site "?"]
[Date "2024.01.21"]
[Round "5.6"]
[White "Roth, Jan"]
[Black "Sadeghi, Panah"]
[Result "1/2-1/2"]
[WhiteElo "1702"]
[BlackElo "1641"]
[PlyCount "38"]
[SourceDate "2024.01.23"]

1. e4 c5 2. Nf3 Nc6 3. b3 d6 4. Bb2 Bd7 5. Nc3 a6 6. Be2 e6 7. O-O Nf6 8. d4
cxd4 9. Nxd4 Be7 10. a4 O-O 11. Qd2 Qc7 12. Nxc6 Bxc6 13. Bf3 d5 14. exd5 exd5
15. Ne2 Ne4 16. Bxe4 dxe4 17. Nd4 Rad8 18. Qe2 Bd6 19. h3 Rfe8 1/2-1/2

[Event "Mülheim Nord 4- Dortmund 2"]
[Site "?"]
[Date "2024.01.21"]
[Round "5.7"]
[White "Windhoevel, Stefan"]
[Black "Roth, Christian"]
[Result "0-1"]
[WhiteElo "1778"]
[BlackElo "1678"]
[PlyCount "98"]
[SourceDate "2024.01.23"]

1. c4 c5 2. Nc3 Nc6 3. g3 g6 4. e4 e5 5. Bg2 Bg7 6. Nge2 d6 7. O-O Be6 8. d3
Nge7 9. f4 f5 10. Nd5 O-O 11. Rb1 a6 12. Nec3 Na7 13. a4 Nxd5 14. Nxd5 Bxd5 15.
cxd5 b5 16. Be3 bxa4 17. b4 axb3 18. Rxb3 exf4 19. gxf4 Nb5 20. e5 dxe5 21.
Bxc5 Re8 22. fxe5 Bxe5 23. d6 Rc8 24. d4 Bxd6 25. Re1 Bxh2+ 26. Kf1 Qd7 27.
Rbe3 Rxe3 28. Rxe3 Re8 29. Qe2 Rxe3 30. Qxe3 Bd6 31. Bd5+ Kg7 32. Bb6 Bc7 33.
Be6 Qd6 34. Bxc7 Nxc7 35. Bc4 Nd5 36. Bxd5 Qxd5 37. Qe7+ Qf7 38. Qe5+ Kf8 39.
Qb8+ Ke7 40. Qe5+ Kd7 41. Qc5 Qb3 42. Qa7+ Ke6 43. Qxa6+ Kd5 44. Qa5+ Kxd4 45.
Qa7+ Ke4 46. Qe7+ Kf3 47. Qe2+ Kg3 48. Qf2+ Kg4 49. Qg2+ Qg3 0-1

[Event "Mülheim Nord 4- Dortmund 2"]
[Site "?"]
[Date "2024.01.21"]
[Round "5.8"]
[White "Othman, Beesan"]
[Black "Kramer, Martin"]
[Result "1-0"]
[WhiteElo "1519"]
[BlackElo "1622"]
[PlyCount "81"]
[SourceDate "2024.01.23"]

1. e4 c5 2. Nc3 Nc6 3. f4 g6 4. Bc4 e6 5. Nf3 Bg7 6. O-O Nge7 7. d3 O-O 8. Qe1
d5 9. Bb3 Na5 10. Qh4 Nec6 11. exd5 Nxb3 12. axb3 exd5 13. Qf2 b6 14. Ra4 Bb7
15. Re1 a6 16. Ne5 Qd6 17. Nxc6 Bxc6 18. Ra1 Bb7 19. Bd2 Rfe8 20. Re2 Bd4 21.
Be3 Rxe3 22. Rxe3 Bxe3 23. Qxe3 d4 24. Ne4 Qe7 25. Qe2 f5 26. Ng3 Re8 27. Re1
Qxe2 28. Rxe2 Rxe2 29. Nxe2 Kf7 30. c3 Bd5 31. cxd4 Bxb3 32. dxc5 bxc5 33. d4
Bc4 34. Kf2 Bxe2 35. Kxe2 c4 36. d5 Ke7 37. Ke3 Kd6 38. Kd4 c3 39. bxc3 a5 40.
c4 a4 41. c5+ 1-0